000 00493nam a2200169 i 4500
001 80428
003 ES-MaACL
005 20230906174219.0
007 t|
008 041028s1970 sp ||||1| spa d
100 1 _aHild, Sigurd.
_963678
245 1 0 _aEducación sexual /
_cSigurd Hild ; [traducido por Lucio García Ortega].
260 _aLeón :
_bEverest,
_c1970.
300 _a222 p. :
_bil. ;
_c19 cm.
700 1 _aGarcía Ortega, Lucio.
_955061
852 _aES-MaACL
_jC-50095
_bR.76598
999 _c80428
_d80428